000 00803nam a22002177a 4500
003 UA-OsUOA
001 58518
007 ta
008 20090213b un ||||| |||| 00| 0 ukr d
100 _aМартиняк І.О.
090 _a330
_bМ29
942 _cSA
040 _aUA-OsUOA
_bukr
_cUA-OsUOA
_dUA-OsUOA
245 _aФормуваня кластерної політики як механізму вдосконалення інфраструктури функціонування малого і середнього інноваційного бізнесу в регіоні
300 _aС.54-63
955 _a0
041 _aukr
080 _a330
773 0 _w58513
_tРегіональна економіка
_dЛьвів
_d2008
_g4
650 7 _a330 Економіка взагалі
_2UDC
999 _c344600
_d344600